Tilastot visalle Sanat: "Tämän kylän poikii" - Pariisin kevät

Klikkaa tästä pelataksesi tätä visaa!

Yleistilastot

  • Tätä visaa on pelattu 27 kertaa
  • Keskiarvotulos 120 / 186

Vastaustilastot

% Oikein
en
100%
lääkkeitä.
100%
100%
mun
100%
mut
100%
mutsi,
100%
oo
100%
syöny
100%
Heihei
95%
heihei
95%
kylän
95%
tämän
95%
on
91%
poikii".
91%
kysyy:
86%
ne
86%
lukematon
82%
määrä
82%
Nykyaikana
82%
ja
77%
"ootsie
77%
kuin
68%
kultaisesta
68%
naiset
68%
noitii,
68%
ovesta
68%
polkuja.
68%
vääriä
68%
Äiti
64%
äiti
64%
alkaa
64%
soidessa.
64%
että
59%
fanfaarien
59%
Jokainen
59%
arpaa.
55%
Harhailen
55%
joulu
55%
juhannus
55%
laulu.
55%
ostan
55%
täällä
55%
tiedä,
55%
Tiputtelen
55%
tuhat
55%
tyhjää
55%
uudestaan.
55%
ennen
50%
esineitä
50%
joku
50%
keräilevän
50%
kertoo.
50%
laulut
50%
löytäisin
50%
matkan
50%
mistä
50%
nämä
50%
noidille.
50%
palaan.
50%
takaisin,
50%
tuntuu
50%
varrelle,
50%
auringon,
45%
juhlavasti
45%
Nielaisen
45%
pois
45%
täältä.
45%
täältä,
45%
tämänkin
45%
aikaa
41%
hakee
41%
kaikki
41%
tulee
41%
tuu
41%
Vähän
41%
vähän
41%
vastaantulijoille
41%
äidille,
36%
kyläpahasesta
36%
laulaa
36%
loistan
36%
nauttia,
36%
ohi,
36%
valoa
36%
ensimmäisen
32%
mitään.
32%
miten
32%
rakkautta
32%
herään
27%
Ihmettelen,
27%
ilman,
27%
kirjoittaa
27%
lipuu
27%
näyttää
27%
oikein
27%
Otan
27%
paljon
27%
seksikkäältä.
27%
Tärkeintä
27%
täytyy
27%
tekee
27%
jonnekin
23%
junan
23%
kykenee
23%
tekemään
23%
Ihmeellistä,
18%
kiireelliseltä
0%
kion
0%

Tulosjakauma

Persentiili vastausten määrän mukaan

Jokaisen tuloksen saaneiden osuus

Tuloshistoriasi

Et ole pelannut tätä visaa